000 00890nam a22002417a 4500
003 OSt
005 20220924113447.0
006 a|||||r|||| 00| 0
007 ta
008 220923b |||||||| |||| 00| 0 eng d
024 _a240417
037 _cGeneral Books
040 _aARTS
_cARTS
_beng
041 _2eng
_aeng
082 _a2:55p213,M79, L9(2D)
111 _aDRTC referesher seminar (1979 : Bangalore)
_9169887
245 0 _aStandardisation of bibligoraphic description: principles and practice held at the documentation research and training centre Bangalore on 20-24 August 1979/by G. Bhattacharyya, documentation and training centre, Indian statistical institute, Bangalore
260 _aBangalore
_bDRTC
_c1979
300 _a160p.
650 _aLIBRARY SCIENCE
942 _h2:55p213,M79, L9(2D)
_cGB
_2CC
999 _c389777
_d389777